[Event "LVII C.to Italiano"]
[Site "Reggio nell'Emilia ITA"]
[Date "1997.12.26"]
[Round "1"]
[White "Arlandi, Ennio"]
[Black "Tatai, Stefano"]
[Result "1-0"]
[WhiteElo "2470"]
[BlackElo "2385"]
[PlyCount "81"]
[EventDate "1997.12.26"]

1. d4 Nf6 2. c4 g6 3. Nc3 Bg7 4. e4 d6 5. Nf3 O-O 6. Be2 Bg4 7. Be3 Nfd7 8. Rc1
c6 9. Nd2 Bxe2 10. Qxe2 e5 11. d5 c5 12. O-O Na6 13. a3 Qe7 14. Rc2 f5 15. f3
f4 16. Bf2 Bf6 17. Nb5 Kh8 18. Rb1 Rg8 19. b4 g5 20. Nb3 b6 21. bxc5 Ndxc5 22.
Nxc5 Nxc5 23. Bxc5 bxc5 24. Rcb2 Rab8 25. h3 h5 26. Nc3 Rxb2 27. Rxb2 Qd7 28.
Rb3 Bd8 29. Nd1 g4 30. fxg4 hxg4 31. hxg4 Rxg4 32. Nf2 Rg5 33. Rh3+ Kg7 34. Kh2
Qf7 35. Ng4 Qg6 36. Nh6 Bf6 37. Nf5+ Rxf5 38. exf5 Qxf5 39. Qb2 Kg6 40. Qb8 Qd7
41. Qg8+ 1-0

[Event "LVII C.to Italiano"]
[Site "Reggio nell'Emilia ITA"]
[Date "1997.12.26"]
[Round "1"]
[White "Belotti, Bruno"]
[Black "Efimov, Igor"]
[Result "0-1"]
[WhiteElo "2410"]
[BlackElo "2540"]
[PlyCount "110"]
[EventDate "1997.12.26"]

1. e4 c5 2. Nf3 d6 3. d4 cxd4 4. Nxd4 Nf6 5. Nc3 Bd7 6. Bg5 e6 7. Qd3 a6 8. f4
h6 9. Bh4 Be7 10. Nf3 Bc6 11. O-O-O Nbd7 12. Qe2 O-O 13. Kb1 Nxe4 14. Nxe4 Bxh4
15. Nxd6 Be7 16. Nc4 Rc8 17. Nfe5 Qc7 18. Nxc6 Qxc6 19. Na5 Qc7 20. Nb3 Nb6 21.
Qe4 Bf6 22. Bd3 g6 23. h4 Nd5 24. h5 Nc3+ 25. bxc3 Qxc3 26. Kc1 Rfd8 27. Rd2
Rd4 28. Qe3 Rb4 29. Kd1 Rxb3 30. Ke2 Qc6 31. Qg3 Rxd3 32. cxd3 g5 33. Qf3 Qb5
34. g3 Rc7 35. Rf1 a5 36. f5 Re7 37. fxe6 Bd4 38. Rc2 Rxe6+ 39. Kd1 Rf6 40. Qe2
Be3 41. Rc8+ Kg7 42. Qxe3 Rxf1+ 43. Ke2 Rf6 44. Qd4 Qf5 45. Rc5 Qf1+ 46. Kd2
Qg2+ 47. Kc1 Qxg3 48. Rf5 Qe1+ 49. Kc2 Qe6 50. Rxa5 Qe2+ 51. Kb3 Qxh5 52. Rb5
Qd1+ 53. Kb2 Qe2+ 54. Kb3 Qe6+ 55. Kb2 Qd6 0-1

[Event "LVII C.to Italiano"]
[Site "Reggio nell'Emilia ITA"]
[Date "1997.12.26"]
[Round "1"]
[White "Godena, Michele"]
[Black "Sarno, Spartaco"]
[Result "1/2-1/2"]
[WhiteElo "2515"]
[BlackElo "2400"]
[PlyCount "51"]
[EventDate "1997.12.26"]

1. e4 d6 2. Nc3 g6 3. d4 Nf6 4. Nf3 Bg7 5. Be2 O-O 6. O-O c6 7. a4 a5 8. Bf4
Na6 9. e5 Ne8 10. Ne4 Nac7 11. c3 f6 12. exd6 exd6 13. Re1 Ne6 14. Bd2 d5 15.
Nc5 Nd6 16. Bd3 Re8 17. Qc2 b6 18. Nxe6 Bxe6 19. Bf4 Qd7 20. Qb3 Bf8 21. h3 Qb7
22. Qc2 Bf5 23. Bxf5 Nxf5 24. Qd3 Nd6 25. Bxd6 Bxd6 26. Kf1 1/2-1/2

/2-1/2

[Event "LVII C.to Italiano"]
[Site "Reggio nell'Emilia ITA"]
[Date "1997.12.26"]
[Round "1"]
[White "Lputian, Smbat G."]
[Black "Komarov, Dimitri"]
[Result "1/2-1/2"]
[WhiteElo "2585"]
[BlackElo "2600"]
[PlyCount "80"]
[EventDate "1997.12.26"]

1. d4 d5 2. c4 dxc4 3. e3 Nf6 4. Nf3 e6 5. Bxc4 c5 6. Qe2 Nc6 7. O-O cxd4 8.
exd4 Be7 9. Rd1 O-O 10. Nc3 Na5 11. Bd3 b6 12. Bg5 Bb7 13. h4 Rc8 14. Rac1 h6
15. Bxf6 Bxf6 16. h5 Re8 17. b4 Bxf3 18. Qxf3 Nc6 19. Nb5 Nxd4 20. Qe4 Rxc1 21.
Rxc1 Kf8 22. Nxa7 Qd7 23. Nc6 Nxc6 24. Rxc6 Rd8 25. Bf1 Bd4 26. a4 Qd5 27. Qxd5
Rxd5 28. Be2 Ke7 29. Bf3 Rd6 30. Rc7+ Rd7 31. Rc4 Be5 32. a5 bxa5 33. bxa5 Rc7
34. Rxc7+ Bxc7 35. a6 Bb6 36. g4 f5 37. Kg2 Kd6 38. Kg3 Kc7 39. Be2 fxg4 40.
Bxg4 Kb8 1/2-1/2

[Event "LVII C.to Italiano"]
[Site "Reggio nell'Emilia ITA"]
[Date "1997.12.26"]
[Round "1"]
[White "Mantovani, Renzo"]
[Black "Romanishin, Oleg M."]
[Result "1/2-1/2"]
[WhiteElo "2375"]
[BlackElo "2550"]
[PlyCount "56"]
[EventDate "1997.12.26"]

1. e4 c5 2. Nf3 e6 3. d4 cxd4 4. Nxd4 a6 5. Nc3 Qc7 6. g3 Nf6 7. Bg2 Nc6 8. O-O
h6 9. Re1 Nxd4 10. e5 Nb5 11. Nxb5 axb5 12. exf6 gxf6 13. Bf4 d6 14. Re3 Bd7
15. Rd3 Bc6 16. Bxd6 Bxd6 17. Rxd6 Ke7 18. Rd4 Bxg2 19. Kxg2 Rhd8 20. c3 Qb6
21. Qd2 Rxd4 22. cxd4 Qd6 23. Qxh6 Qxd4 24. Qh5 Qe4+ 25. Qf3 f5 26. h4 Kf6 27.
a3 b4 28. a4 Ra5 1/2-1/2

[Event "LVII C.to Italiano"]
[Site "Reggio nell'Emilia ITA"]
[Date "1997.12.27"]
[Round "2"]
[White "Romanishin, Oleg M."]
[Black "Lputian, Smbat G."]
[Result "1-0"]
[WhiteElo "2550"]
[BlackElo "2585"]
[PlyCount "85"]
[EventDate "1997.12.26"]

1. Nf3 Nf6 2. c4 e6 3. Nc3 d5 4. d4 Be7 5. Bg5 O-O 6. e3 h6 7. Bh4 b6 8. Bd3
Bb7 9. O-O Nbd7 10. Bg3 c5 11. Qe2 Ne4 12. cxd5 exd5 13. Rfd1 cxd4 14. Nxd4
Nxc3 15. bxc3 Nc5 16. Bc2 Bd6 17. a4 g6 18. a5 Bxg3 19. hxg3 Qf6 20. Rdb1 Kg7
21. Qf3 Qxf3 22. gxf3 Rfb8 23. Rb4 Ba6 24. g4 Bd3 25. Bxd3 Nxd3 26. Rb5 Nc5 27.
Nc6 Re8 28. Kg2 Nd7 29. Rxd5 Nc5 30. Nd4 Rec8 31. Ra3 Kf8 32. Nb5 Ke7 33. Nd4
Nd7 34. axb6 axb6 35. Rxa8 Rxa8 36. Rb5 Rc8 37. Rb3 Rc5 38. f4 Kd6 39. Kf3 Rc4
40. Ke2 Rc8 41. Kd2 Ra8 42. Rb2 Ra1 43. Ke2 1-0

[Event "LVII C.to Italiano"]
[Site "Reggio nell'Emilia ITA"]
[Date "1997.12.27"]
[Round "2"]
[White "Sarno, Spartaco"]
[Black "Arlandi, Ennio"]
[Result "0-1"]
[WhiteElo "2400"]
[BlackElo "2470"]
[PlyCount "100"]
[EventDate "1997.12.26"]

1. c4 e5 2. Nc3 Nf6 3. Nf3 Nc6 4. g3 Bc5 5. Bg2 d6 6. O-O a6 7. e3 Ba7 8. d4
O-O 9. h3 h6 10. b3 exd4 11. Nxd4 Nxd4 12. exd4 Re8 13. Qd3 Rb8 14. a4 Be6 15.
Be3 d5 16. c5 Ne4 17. Nxe4 dxe4 18. Bxe4 Bxh3 19. Rfe1 c6 20. b4 Qd7 21. d5
Rxe4 22. Qxe4 cxd5 23. Qd3 Bf5 24. Qc3 Be4 25. f3 Bxf3 26. Bf4 Qg4 27. Re7 Rd8
28. Rf1 Be4 29. Bc7 Rf8 30. Bd6 a5 31. b5 Qe2 32. Rf2 Qd1+ 33. Rf1 Qxa4 34. b6
Bb8 35. Bxb8 Rxb8 36. Rfxf7 Qd1+ 37. Kf2 d4 38. Qc4 Qh1 39. Rxe4 Qh2+ 40. Ke1
Qxg3+ 41. Kd1 Kh8 42. Qxd4 Qb3+ 43. Kc1 Qxf7 44. Kb2 Rf8 45. Ka3 Qf1 46. Ka4
Qb1 47. Re2 Qc1 48. Re4 Qc2+ 49. Kxa5 Qb3 50. Qb4 Qa2+ 0-1

[Event "LVII C.to Italiano"]
[Site "Reggio nell'Emilia ITA"]
[Date "1997.12.27"]
[Round "2"]
[White "Tatai, Stefano"]
[Black "Mantovani, Renzo"]
[Result "1-0"]
[WhiteElo "2385"]
[BlackElo "2375"]
[PlyCount "115"]
[EventDate "1997.12.26"]

1. e4 c5 2. Nf3 e6 3. d4 cxd4 4. Nxd4 Nc6 5. Nb5 d6 6. c4 Nf6 7. N1c3 a6 8. Na3
b6 9. Be2 Bb7 10. O-O Be7 11. Be3 O-O 12. Qb3 Nd7 13. Rad1 Qc7 14. Rd2 Nc5 15.
Qc2 Nb4 16. Qb1 Bc6 17. f3 Rac8 18. Qe1 Rfe8 19. Nab1 a5 20. a3 Nba6 21. Nb5
Bxb5 22. cxb5 Nb8 23. b4 axb4 24. axb4 Ncd7 25. Rd3 Nf6 26. Qd2 Nbd7 27. Rc3
Qb7 28. Qb2 d5 29. Rxc8 Rxc8 30. e5 Ne8 31. f4 g6 32. Nd2 Qc7 33. Rb1 h5 34.
Nf3 Qc3 35. Kf2 f6 36. Bd2 Qxb2 37. Rxb2 fxe5 38. fxe5 Ng7 39. Ra2 Rc7 40. g3
Kf7 41. h3 Ne8 42. g4 hxg4 43. hxg4 Rc8 44. Bd3 Bd8 45. Ke2 Be7 46. Ra1 Bd8 47.
Rh1 Kg7 48. Bh6+ Kh7 49. Bf4+ Kg7 50. Nd4 Nc7 51. Nc6 Ra8 52. Bh6+ Kg8 53. Bxg6
Nxb5 54. Be8 Ra2+ 55. Ke3 d4+ 56. Kf3 Rc2 57. Bxd7 Rxc6 58. Bxc6 1-0

[Event "LVII C.to Italiano"]
[Site "Reggio nell'Emilia ITA"]
[Date "1997.12.28"]
[Round "3"]
[White "Arlandi, Ennio"]
[Black "Bellini, Fabio"]
[Result "1/2-1/2"]
[WhiteElo "2470"]
[BlackElo "2415"]
[PlyCount "81"]
[EventDate "1997.12.26"]

1. d4 Nf6 2. c4 g6 3. Nc3 Bg7 4. e4 d6 5. Nf3 O-O 6. Be2 e5 7. O-O exd4 8. Nxd4
Re8 9. f3 Nc6 10. Be3 Nh5 11. Qd2 f5 12. Rad1 Nf6 13. exf5 gxf5 14. Rfe1 Qe7
15. Bf1 Ne5 16. Bh6 Qf8 17. Bxg7 Qxg7 18. f4 Ng6 19. Rxe8+ Nxe8 20. g3 Bd7 21.
Bg2 c6 22. Qd3 Qf6 23. Bh3 Ne7 24. Nf3 Rd8 25. Re1 h6 26. Qe3 Nc8 27. Qd4 Kf7
28. Kf2 Qxd4+ 29. Nxd4 Ng7 30. Nd1 c5 31. Nc2 Be6 32. Nce3 Nb6 33. b3 d5 34.
cxd5 Nxd5 35. Nxd5 Rxd5 36. Ne3 Rd4 37. Bf1 Ne8 38. Rd1 Rxd1 39. Nxd1 Nd6 40.
Nc3 a6 41. Ke3 1/2-1/2

[Event "LVII C.to Italiano"]
[Site "Reggio nell'Emilia ITA"]
[Date "1997.12.28"]
[Round "3"]
[White "Godena, Michele"]
[Black "Belotti, Bruno"]
[Result "1/2-1/2"]
[WhiteElo "2515"]
[BlackElo "2410"]
[PlyCount "66"]
[EventDate "1997.12.26"]

1. e4 c5 2. c3 d5 3. exd5 Qxd5 4. d4 Nf6 5. Nf3 Nc6 6. Be2 cxd4 7. cxd4 e6 8.
O-O Be7 9. Nc3 Qd6 10. Be3 O-O 11. Rc1 Rd8 12. a3 h6 13. Qc2 Bd7 14. Bc4 Rac8
15. Ba2 Bf8 16. Ne4 Qe7 17. Nxf6+ Qxf6 18. Bb1 g6 19. Qd2 Qh8 20. Rfd1 Be8 21.
Be4 Bg7 22. Qe2 Kh7 23. d5 exd5 24. Rxd5 b6 25. b4 Rxd5 26. Bxd5 Nd4 27. Bxd4
Bxd4 28. Qe7 Qf6 29. Qb7 Rd8 30. Nxd4 Qxd4 31. Bf3 Qd7 32. Qxd7 Rxd7 33. Re1
Rc7 1/2-1/2

[Event "LVII C.to Italiano"]
[Site "Reggio nell'Emilia ITA"]
[Date "1997.12.28"]
[Round "3"]
[White "Komarov, Dimitri"]
[Black "Romanishin, Oleg M."]
[Result "1-0"]
[WhiteElo "2600"]
[BlackElo "2550"]
[PlyCount "64"]
[EventDate "1997.12.26"]

1. d4 d5 2. c4 dxc4 3. Nf3 Nf6 4. Nc3 c6 5. a4 Na6 6. e4 Bg4 7. Bxc4 e6 8. Be3
Nb4 9. O-O Be7 10. Be2 O-O 11. a5 Qc7 12. Qb3 Rfd8 13. Ra4 Na6 14. Rc1 Bh5 15.
h3 Rac8 16. Bg5 Bxf3 17. Bxf3 h6 18. Be3 Qd7 19. Rc4 Ne8 20. e5 Rb8 21. Ne4
Nac7 22. Nc5 Bxc5 23. Rxc5 a6 24. Be4 Nd5 25. Bd2 Ne7 26. R5c4 Nf5 27. Bxf5
exf5 28. Bb4 Qe6 29. Bc5 Nc7 30. Ba7 Ra8 31. Qxb7 Nb5 32. Bb6 Rab8 1-0

[Event "LVII C.to Italiano"]
[Site "Reggio nell'Emilia ITA"]
[Date "1997.12.28"]
[Round "3"]
[White "Mantovani, Renzo"]
[Black "Sarno, Spartaco"]
[Result "1/2-1/2"]
[WhiteElo "2375"]
[BlackElo "2400"]
[PlyCount "39"]
[EventDate "1997.12.26"]

1. e4 d6 2. d4 Nf6 3. Nc3 g6 4. Nf3 Bg7 5. Be2 O-O 6. O-O Bg4 7. Be3 Nc6 8. Qd2
e5 9. d5 Ne7 10. h3 Bd7 11. Nh2 c6 12. Ng4 cxd5 13. Nxf6+ Bxf6 14. Nxd5 Nxd5
15. Qxd5 Bc6 16. Qd3 d5 17. exd5 Qxd5 18. Qxd5 Bxd5 19. c4 Be6 20. Rac1 1/2-1/2

[Event "LVII C.to Italiano"]
[Site "Reggio nell'Emilia ITA"]
[Date "1997.12.29"]
[Round "4"]
[White "Bellini, Fabio"]
[Black "Mantovani, Renzo"]
[Result "1-0"]
[WhiteElo "2415"]
[BlackElo "2375"]
[PlyCount "54"]
[EventDate "1997.12.26"]

1. e4 c5 2. Nf3 Nc6 3. Bb5 g6 4. Bxc6 bxc6 5. O-O d6 6. h3 Bg7 7. c3 e6 8. d4
cxd4 9. cxd4 Ne7 10. Nc3 O-O 11. Re1 Ba6 12. Qa4 Qb6 13. Qa3 Rfd8 14. Bg5 f6
15. Bf4 Nc8 16. e5 dxe5 17. dxe5 Bf8 18. Qb3 Re8 19. exf6 Nd6 20. Ng5 Nf7 21.
Nxe6 Bc8 22. Nc7 Rxe1+ 23. Rxe1 Rb8 24. Re8 Qxb3 25. axb3 g5 26. Ne6 Bxe6 27.
Bxb8 Bd7 1-0

[Event "LVII C.to Italiano"]
[Site "Reggio nell'Emilia ITA"]
[Date "1997.12.29"]
[Round "4"]
[White "Belotti, Bruno"]
[Black "Arlandi, Ennio"]
[Result "1/2-1/2"]
[WhiteElo "2410"]
[BlackElo "2470"]
[PlyCount "43"]
[EventDate "1997.12.26"]

1. Nf3 Nf6 2. g3 d5 3. Bg2 e6 4. O-O Be7 5. d4 O-O 6. c4 c6 7. b3 b6 8. Qc2 Bb7
9. Rd1 Nbd7 10. Nc3 Rc8 11. e4 Nxe4 12. Nxe4 dxe4 13. Qxe4 Nf6 14. Qc2 Bd6 15.
Ng5 Qe7 16. Bb2 h6 17. Ne4 Nxe4 18. Qxe4 Ba3 19. Bc3 Bb4 20. Bb2 Ba3 21. Bc3
Bb4 22. Bb2 1/2-1/2

[Event "LVII C.to Italiano"]
[Site "Reggio nell'Emilia ITA"]
[Date "1997.12.29"]
[Round "4"]
[White "Efimov, Igor"]
[Black "Romanishin, Oleg M."]
[Result "1/2-1/2"]
[WhiteElo "2540"]
[BlackElo "2550"]
[PlyCount "21"]
[EventDate "1997.12.26"]

1. d4 Nf6 2. c4 e6 3. Nf3 b6 4. g3 Ba6 5. b3 Bb7 6. Bg2 Bb4+ 7. Bd2 a5 8. O-O
O-O 9. Nc3 d6 10. Qc2 Nbd7 11. Rfd1 1/2-1/2

[Event "LVII C.to Italiano"]
[Site "Reggio nell'Emilia ITA"]
[Date "1997.12.29"]
[Round "4"]
[White "Tatai, Stefano"]
[Black "Komarov, Dimitri"]
[Result "1/2-1/2"]
[WhiteElo "2385"]
[BlackElo "2600"]
[PlyCount "34"]
[EventDate "1997.12.26"]

1. e4 c5 2. Nf3 Nc6 3. Bb5 e6 4. O-O Nge7 5. Re1 a6 6. Bf1 d5 7. exd5 Qxd5 8.
Nc3 Qd8 9. a4 Nf5 10. Ne4 Be7 11. d3 O-O 12. c3 b6 13. Ned2 Bb7 14. Nc4 Nd6 15.
Nfd2 Rb8 16. Qh5 Nxc4 17. Nxc4 b5 1/2-1/2

[Event "LVII C.to Italiano"]
[Site "Reggio nell'Emilia ITA"]
[Date "1997.12.30"]
[Round "5"]
[White "Godena, Michele"]
[Black "Efimov, Igor"]
[Result "1-0"]
[WhiteElo "2515"]
[BlackElo "2540"]
[PlyCount "57"]
[EventDate "1997.12.26"]

1. e4 c6 2. d4 d5 3. Nc3 dxe4 4. Nxe4 Nf6 5. Nxf6+ gxf6 6. c3 Bf5 7. Ne2 h5 8.
Nf4 h4 9. Qf3 Nd7 10. g4 hxg3 11. hxg3 Rg8 12. Bh3 Bxh3 13. Rxh3 Qa5 14. Rh5 e5
15. Nd3 O-O-O 16. dxe5 fxe5 17. Qxf7 Bd6 18. Be3 Rgf8 19. Qe6 Rfe8 20. Qxd6 Qa4
21. Qb4 Qc2 22. Rd1 Nf6 23. Rf5 Rh8 24. Rd2 Qb1+ 25. Ke2 e4 26. Nc5 b6 27. Qa4
bxc5 28. Qxc6+ Kb8 29. Bf4+ 1-0

[Event "LVII C.to Italiano"]
[Site "Reggio nell'Emilia ITA"]
[Date "1997.12.30"]
[Round "5"]
[White "Mantovani, Renzo"]
[Black "Belotti, Bruno"]
[Result "1/2-1/2"]
[WhiteElo "2375"]
[BlackElo "2410"]
[PlyCount "24"]
[EventDate "1997.12.26"]

1. d4 Nf6 2. c4 g6 3. Nc3 Bg7 4. e4 d6 5. Nf3 O-O 6. Be2 e5 7. d5 a5 8. O-O Na6
9. Ne1 Nc5 10. f3 Nh5 11. Nd3 Nxd3 12. Bxd3 Nf4 1/2-1/2

[Event "LVII C.to Italiano"]
[Site "Reggio nell'Emilia ITA"]
[Date "1997.12.30"]
[Round "5"]
[White "Romanishin, Oleg M."]
[Black "Tatai, Stefano"]
[Result "1/2-1/2"]
[WhiteElo "2550"]
[BlackElo "2385"]
[PlyCount "55"]
[EventDate "1997.12.26"]

1. Nf3 Nf6 2. g3 g6 3. Bg2 Bg7 4. O-O O-O 5. d4 d6 6. a4 a5 7. Nc3 Nc6 8. Bf4
Bf5 9. d5 Nb4 10. Nd4 Bd7 11. e4 Ng4 12. Nf3 c6 13. h3 Nf6 14. Re1 cxd5 15.
exd5 Rc8 16. Nd4 Re8 17. Be3 Rc4 18. Ndb5 Na6 19. Rb1 Nb4 20. Qe2 Bxb5 21. axb5
Qc8 22. Red1 Nd7 23. Bf1 Rxc3 24. bxc3 Na2 25. Bd2 Nxc3 26. Bxc3 Bxc3 27. b6 a4
28. Qe3 1/2-1/2

[Event "LVII C.to Italiano"]
[Site "Reggio nell'Emilia ITA"]
[Date "1997.12.31"]
[Round "6"]
[White "Bellini, Fabio"]
[Black "Komarov, Dimitri"]
[Result "1/2-1/2"]
[WhiteElo "2415"]
[BlackElo "2600"]
[PlyCount "83"]
[EventDate "1997.12.26"]

1. e4 e6 2. d4 d5 3. exd5 exd5 4. Nf3 Nc6 5. Nc3 Bb4 6. a3 Bxc3+ 7. bxc3 Nge7
8. Bd3 Bf5 9. Nh4 Bxd3 10. cxd3 O-O 11. O-O Ng6 12. Nf5 Re8 13. f4 Nce7 14.
Nxg7 Kxg7 15. f5 Ng8 16. fxg6 hxg6 17. Ra2 Re6 18. Raf2 f6 19. g4 Qe7 20. g5
fxg5 21. Qf3 c6 22. Qg3 g4 23. Bf4 Nh6 24. Be5+ Kh7 25. Bf6 Rxf6 26. Rxf6 Re8
27. Qd6 Nf5 28. Qxe7+ Rxe7 29. Rf8 Re2 30. Rf4 Ne3 31. Re8 Re1+ 32. Kf2 Rf1+
33. Kxe3 Re1+ 34. Kf2 Rxe8 35. Rf7+ Kh6 36. Rxb7 Rf8+ 37. Kg2 Rf3 38. Rc7 Rxd3
39. Rxc6 Kg5 40. c4 dxc4 41. Rxc4 Rxa3 42. d5 1/2-1/2

[Event "LVII C.to Italiano"]
[Site "Reggio nell'Emilia ITA"]
[Date "1997.12.31"]
[Round "6"]
[White "Belotti, Bruno"]
[Black "Lputian, Smbat G."]
[Result "0-1"]
[WhiteElo "2410"]
[BlackElo "2585"]
[PlyCount "96"]
[EventDate "1997.12.26"]

1. e4 e6 2. d3 d5 3. Nd2 Nf6 4. Ngf3 c5 5. g3 g6 6. Bg2 Bg7 7. O-O O-O 8. Re1
Nc6 9. c3 Kh8 10. exd5 Nxd5 11. Nb3 b6 12. d4 c4 13. Nbd2 Qc7 14. Qa4 Na5 15.
Ne5 f6 16. Ng4 Bd7 17. Qd1 b5 18. Nf1 Rae8 19. h4 Bc6 20. Bd2 Nb7 21. Qc2 Nd6
22. Re2 Qb7 23. Nfe3 Nxe3 24. Nxe3 Ne4 25. Ree1 f5 26. Nf1 e5 27. dxe5 Rxe5 28.
Bf4 Re6 29. Nh2 Rfe8 30. Re3 h6 31. f3 Nc5 32. Rae1 Rxe3 33. Rxe3 Qd7 34. Rxe8+
Qxe8 35. Qd2 Kh7 36. Nf1 Nd3 37. Be3 a5 38. b3 Qe6 39. bxc4 Qxc4 40. Bd4 Bxd4+
41. cxd4 Qxd4+ 42. Kh2 b4 43. Ne3 Qd7 44. Nc4 a4 45. Bf1 Ne5 46. Qxd7+ Nxd7 47.
Kg2 a3 48. Kf2 Nc5 0-1

[Event "LVII C.to Italiano"]
[Site "Reggio nell'Emilia ITA"]
[Date "1997.12.31"]
[Round "6"]
[White "Godena, Michele"]
[Black "Arlandi, Ennio"]
[Result "1/2-1/2"]
[WhiteElo "2515"]
[BlackElo "2470"]
[PlyCount "124"]
[EventDate "1997.12.26"]

1. e4 c6 2. d4 d5 3. Nc3 dxe4 4. Nxe4 Nd7 5. Bc4 Ngf6 6. Ng5 e6 7. Qe2 Nb6 8.
Bd3 h6 9. N5f3 c5 10. dxc5 Bxc5 11. Ne5 Nbd7 12. Ngf3 Qc7 13. O-O O-O 14. Bf4
Bd6 15. Rfe1 Nxe5 16. Bxe5 Bxe5 17. Qxe5 Qxe5 18. Nxe5 Rd8 19. Be2 Bd7 20. Bf3
Rac8 21. c3 Rc7 22. Rad1 Kf8 23. Rd4 Ke7 24. Red1 Rb8 25. Nxd7 Rxd7 26. Rxd7+
Nxd7 27. Kf1 Ne5 28. Be2 Rd8 29. Rxd8 Kxd8 30. f4 Nd7 31. Bf3 b6 32. Ke2 Ke7
33. Ke3 Kd6 34. Kd4 e5+ 35. fxe5+ Nxe5 36. Bb7 f5 37. b4 Ng6 38. c4 Ne7 39. c5+
bxc5+ 40. bxc5+ Ke6 41. g3 g5 42. a3 h5 43. h4 f4 44. gxf4 gxh4 45. Bg2 Nf5+
46. Ke4 Ng3+ 47. Kd3 Kf5 48. Bh3+ Kxf4 49. c6 Ne4 50. c7 Nd6 51. Ke2 Kg3 52.
c8=Q Nxc8 53. Bxc8 Kg2 54. Bb7+ Kg1 55. Bc8 Kg2 56. Bb7+ Kg1 57. Bf3 h3 58.
Bxh5 h2 59. Bf3 h1=Q 60. Bxh1 Kxh1 61. Kf3 Kh2 62. a4 Kh3 1/2-1/2

[Event "LVII C.to Italiano"]
[Site "Reggio nell'Emilia ITA"]
[Date "1997.12.31"]
[Round "6"]
[White "Sarno, Spartaco"]
[Black "Romanishin, Oleg M."]
[Result "0-1"]
[WhiteElo "2400"]
[BlackElo "2550"]
[PlyCount "98"]
[EventDate "1997.12.26"]

1. c4 e5 2. Nc3 Nf6 3. Nf3 Nc6 4. g3 d5 5. cxd5 Nxd5 6. Bg2 Nb6 7. O-O Be7 8.
a3 Be6 9. d3 O-O 10. b4 a5 11. b5 Nd4 12. Bb2 Bb3 13. Qc1 Be6 14. Qd1 Re8 15.
Nd2 c6 16. bxc6 Nxc6 17. Na4 Rc8 18. Rb1 Nd5 19. Ba1 Bxa3 20. Rxb7 Bb4 21. Nc4
Rb8 22. Rxb8 Qxb8 23. Bb2 Rd8 24. Qa1 f6 25. Rc1 Bf7 26. Bxd5 Bxd5 27. Ne3 Qb5
28. Nxd5 Qxd5 29. Nb6 Qe6 30. Nc4 e4 31. dxe4 Qxe4 32. Ne3 Qe6 33. Qa4 Ne7 34.
Ba3 Qa2 35. Nc2 Bxa3 36. Nxa3 Qxe2 37. Qxa5 Nc6 38. Qc7 Rd1+ 39. Rxd1 Qxd1+ 40.
Kg2 Qd5+ 41. f3 g5 42. Qc8+ Kg7 43. Qb7+ Kh6 44. Qb6 g4 45. Qe3+ Kg7 46. Nc2
Qa2 47. Qe4 gxf3+ 48. Kh3 Ne5 49. Nd4 Qg2+ 0-1

[Event "LVII C.to Italiano"]
[Site "Reggio nell'Emilia ITA"]
[Date "1998.01.02"]
[Round "7"]
[White "Arlandi, Ennio"]
[Black "Efimov, Igor"]
[Result "1/2-1/2"]
[WhiteElo "2470"]
[BlackElo "2540"]
[PlyCount "103"]
[EventDate "1997.12.26"]

1. d4 d6 2. Nf3 f5 3. g3 Nf6 4. Bg2 c6 5. O-O Qc7 6. Nc3 e5 7. dxe5 dxe5 8. e4
fxe4 9. Ng5 Bg4 10. Qe1 Bb4 11. Ngxe4 Na6 12. a3 Be7 13. b4 O-O 14. Bb2 Rae8
15. h3 Bf5 16. Rd1 Qc8 17. Kh2 Nc7 18. Qe2 Ne6 19. Nxf6+ Rxf6 20. Qxe5 Ng5 21.
h4 Nf7 22. Qd4 Bd6 23. f4 Bxc2 24. Ne4 Bxe4 25. Bxe4 Bf8 26. Bf3 Rd6 27. Qc3
Rde6 28. Rfe1 Rxe1 29. Rxe1 Rxe1 30. Qxe1 Qd7 31. Qd1 Qxd1 32. Bxd1 Be7 33. Bb3
Kf8 34. Kg2 Bf6 35. Bc1 Nd6 36. Bc2 h6 37. Bd3 Ke7 38. Be3 a6 39. Kf3 Ke6 40.
h5 Kd5 41. g4 Bb2 42. Bh7 Ke6 43. Bg8+ Kd7 44. a4 b5 45. axb5 axb5 46. Bh7 Bc3
47. Bc5 Nb7 48. Bf5+ Kd8 49. Bb6+ Ke8 50. Be4 Kd7 51. Bf5+ Ke8 52. Be4 1/2-1/2

[Event "LVII C.to Italiano"]
[Site "Reggio nell'Emilia ITA"]
[Date "1998.01.02"]
[Round "7"]
[White "Komarov, Dimitri"]
[Black "Belotti, Bruno"]
[Result "1-0"]
[WhiteElo "2600"]
[BlackElo "2410"]
[PlyCount "53"]
[EventDate "1997.12.26"]

1. d4 Nf6 2. c4 e6 3. Nf3 d5 4. Nc3 Be7 5. Bg5 O-O 6. e3 Nbd7 7. Rc1 c6 8. Bd3
dxc4 9. Bxc4 Nd5 10. Bxe7 Qxe7 11. Ne4 N5b6 12. Bb3 e5 13. O-O h6 14. Re1 Re8
15. dxe5 Nxe5 16. Nxe5 Qxe5 17. Nd6 Rf8 18. Nxf7 Qf6 19. Nd6+ Kh8 20. Rc2 Qg6
21. Rd2 Bg4 22. Qc2 Qh5 23. f3 Bf5 24. e4 Bg6 25. Nxb7 Nd5 26. Qc5 Qg5 27. Rf2
1-0

[Event "LVII C.to Italiano"]
[Site "Reggio nell'Emilia ITA"]
[Date "1998.01.02"]
[Round "7"]
[White "Mantovani, Renzo"]
[Black "Godena, Michele"]
[Result "1/2-1/2"]
[WhiteElo "2375"]
[BlackElo "2515"]
[PlyCount "36"]
[EventDate "1997.12.26"]

1. e4 c6 2. d4 d5 3. exd5 cxd5 4. Nf3 Nf6 5. c3 Nc6 6. Bf4 a6 7. Bd3 Bg4 8.
Nbd2 e6 9. Qc2 Ra7 10. Ne5 Nxe5 11. Bxe5 Bd6 12. Qa4+ Qd7 13. Qxd7+ Kxd7 14. a4
a5 15. f3 Bh5 16. Ke2 Bg6 17. g4 Bxd3+ 18. Kxd3 h5 1/2-1/2

[Event "LVII C.to Italiano"]
[Site "Reggio nell'Emilia ITA"]
[Date "1998.01.02"]
[Round "7"]
[White "Romanishin, Oleg M."]
[Black "Bellini, Fabio"]
[Result "1/2-1/2"]
[WhiteElo "2550"]
[BlackElo "2415"]
[PlyCount "82"]
[EventDate "1997.12.26"]

1. Nf3 d5 2. d4 Nf6 3. c4 e6 4. Nc3 Be7 5. Bg5 O-O 6. e3 Nbd7 7. Rc1 a6 8. c5
c6 9. Bd3 e5 10. Bxf6 Bxf6 11. dxe5 Be7 12. Qc2 h6 13. e4 dxe4 14. Nxe4 Nxc5
15. Nxc5 Bxc5 16. O-O Ba7 17. Rcd1 Qe7 18. Qc4 Be6 19. Qe4 g6 20. Qf4 Kg7 21.
Bc4 Rad8 22. b3 g5 23. Qe4 Bxc4 24. Qxc4 Rxd1 25. Rxd1 Rd8 26. Rxd8 Qxd8 27. g4
Qd5 28. Qe2 f6 29. exf6+ Kxf6 30. Nd2 Kg7 31. Nc4 Bb8 32. h3 Bf4 33. Nb2 b5 34.
Nd3 Bd6 35. Ne1 Kf7 36. Ng2 Qe5 37. Qf3+ Qf6 38. Qd1 Qe5 39. Qf3+ Qf6 40. Qd1
Qe5 41. Qf3+ Qf6 1/2-1/2

[Event "LVII C.to Italiano"]
[Site "Reggio nell'Emilia ITA"]
[Date "1998.01.02"]
[Round "7"]
[White "Tatai, Stefano"]
[Black "Sarno, Spartaco"]
[Result "1/2-1/2"]
[WhiteElo "2385"]
[BlackElo "2400"]
[PlyCount "62"]
[EventDate "1997.12.26"]

1. e4 d6 2. d4 Nf6 3. Nc3 g6 4. Nf3 Bg7 5. Be2 O-O 6. O-O Bg4 7. Be3 Nc6 8. Qd2
e5 9. d5 Ne7 10. Rad1 Bd7 11. Ne1 b5 12. a3 a5 13. f3 Qb8 14. Bh6 Bxh6 15. Qxh6
b4 16. axb4 axb4 17. Nb1 c6 18. dxc6 Bxc6 19. Nd3 Bb5 20. Nd2 Nc6 21. c4 bxc3
22. bxc3 Ra3 23. Nb1 Ra2 24. Qe3 d5 25. Rd2 d4 26. cxd4 Rxd2 27. Nxd2 Nxd4 28.
Rb1 Nxe2+ 29. Qxe2 Rd8 30. Nf1 Qa7+ 31. Qf2 Qxf2+ 1/2-1/2

[Event "LVII C.to Italiano"]
[Site "Reggio nell'Emilia ITA"]
[Date "1998.01.03"]
[Round "8"]
[White "Arlandi, Ennio"]
[Black "Mantovani, Renzo"]
[Result "1-0"]
[WhiteElo "2470"]
[BlackElo "2375"]
[PlyCount "83"]
[EventDate "1997.12.26"]

1. d4 Nf6 2. c4 c5 3. d5 g6 4. Nc3 Bg7 5. e4 O-O 6. Nf3 d6 7. h3 a6 8. a4 e5 9.
Bd3 Nh5 10. Nd2 Qe8 11. g3 f5 12. Be2 Nf6 13. a5 Qf7 14. O-O Bh6 15. exf5 gxf5
16. Kh2 Qg7 17. f4 Kh8 18. Nf3 Rg8 19. Rg1 Nbd7 20. Be3 Nf8 21. Qd2 e4 22. Ne1
Bd7 23. Nc2 Be8 24. Rab1 Qc7 25. b4 cxb4 26. Rxb4 N6d7 27. Bd4+ Bg7 28. Ne3 Bg6
29. g4 fxg4 30. f5 Bf7 31. Nxg4 Be5+ 32. Bxe5+ dxe5 33. Nxe4 Qxa5 34. Nh6 Rxg1
35. Nxf7+ Kg7 36. Kxg1 Kxf7 37. Bh5+ Kg7 38. Qg2+ Kh8 39. Bf7 Nf6 40. Nxf6 Nd7
41. Nxd7 Qxb4 42. f6 1-0